Enfoque internacional : 1966-1970 / (Registro nro. 14161)

Detalles MARC
000 -LIDER
fixed length control field 01314nam a2200385 c 4500
001 - NÚMERO DE CONTROL
Identificador de número de control
003 - IDENTIFICACDOR DE NÚMERO DE CONTROL
control field DO-SdBNP
005 - DATE AND TIME OF LATEST TRANSACTION
control field 20220426085121.0
007 - CAMPOS FIJOS DE DESCRIPCIÓN FÍSICA
fixed length control field 02750
008 - ELEMENTOS DE LONGITUD FIJA
fixed length control field 151021s2008 dr | |||| 000 0 spa
015 ## - NÚMERO DENTRO DE LA BIBLIOGRAFÍA NACIONAL
National bibliography number
017 ## - NÚMERO DE REGISTRO DE DERECHOS DE AUTOR
Copyright or legal deposit number
Assigning agency
020 ## - ISBN
International Standard Book Number
035 ## - NÚMERO LOCAL
System control number
040 ## - FUENTE DE CATALOGACIÓN
Agencia que crea de manera original el registro BPMSU
Idioma de catalogación spa
Agencia que realiza la transcripción BPMSU
Convenciones de la despripción
080 ## - NÚMERO DE CLASIFICACIÓN DECIMAL UNIVERSAL
Universal Decimal Classification number
082 ## - NÚMERO DE CLASIFICACIÓN DECIMAL DE DEWEY
Classification number 327.16
Item number T172e 2008
Edition number 22
100 1# - ASIENTO PRINCIPAL -- NOMBRE PERSONAL
Nombre personal Tapia Brea, Manuel
Fechas asociadas con el nombre 1911-1970
240 ## - TITULO UNIFORME
Título uniforme
245 10 - MENCIÓN DE TITULO
Título Enfoque internacional : 1966-1970 /
Mención de responsabilidad Manuel Tapia Brea ; editor Bolívar Tapia C. ; prólogo Leonel Fernández ; coordinación general y cuidado de edición José Chez Checo.
Subtítulo
260 ## - PUBLICACIÓN, DISTRIBUCIÓN, ETC. (PIE DE IMPRENTA)
Lugar de publicación, distribución, etc Santo Domingo :
Nombre del editor, distribuidor, etc. Búho,
Fecha de publicación, distribución, etc 2008
300 ## - DESCRIPCIÓN FÍSICA
Extensión 713 p. ;
Dimensiones 24 cm
Otros detalles físicos
500 ## - NOTA GENERAL
Nota general Incluye índice onomástico
504 ## - NOTA DE BIBLIOGRAFÍA, ETC.
Bibliography, etc Bibliográficas (p. 439-440).
590 ## - NOTA LOCAL
Enlace Inventariado, 2022/VM
650 #4 - ENCABEZAMIENTO DE MATERIA--TEMÁTICO
Subdivisión de forma Ensayos, conferencias, etc.
Término temático o nombre geográfico como elemento de entrada Conflictos internacionales
650 #4 - ENCABEZAMIENTO DE MATERIA--TEMÁTICO
Término temático o nombre geográfico como elemento de entrada Relaciones internacionales
Subdivisión de forma Ensayos, conferencias, etc
650 #4 - ENCABEZAMIENTO DE MATERIA--TEMÁTICO
Término temático o nombre geográfico como elemento de entrada Política internacional,
Subdivisión temática general SIGLO XX
Subdivisión de forma Ensayos, conferencias, etc
650 #4 - ENCABEZAMIENTO DE MATERIA--TEMÁTICO
Término temático o nombre geográfico como elemento de entrada Diarios dominicanos
Subdivisión de forma Secciones, columnas, etc
700 1# - ASIENTO SECUNDARIO -- NOMBRE PERSONAL
Nombre personal Tapia C., Bolívar
Mención de responsabilidad editor
700 1# - ASIENTO SECUNDARIO -- NOMBRE PERSONAL
Nombre personal Fernández, Leonel,
Fechas asociadas con el nombre 1953-
Mención de responsabilidad prólogo
700 1# - ASIENTO SECUNDARIO -- NOMBRE PERSONAL
Nombre personal Chez Checo, José,
Fechas asociadas con el nombre 1949-
Mención de responsabilidad editor
910 ## - VALIDACIÓN
Validación VMateo V.
942 ## - ADDED ENTRY ELEMENTS (KOHA)
Source of classification or shelving scheme Dewey Decimal Classification
Koha item type Libros
Existencias
Withdrawn status Lost status Source of classification or shelving scheme Damaged status Not for loan Collection code Home library Current library Date acquired Total Checkouts Full call number Barcode Date last seen Copy number Price effective from Koha item type
    Dewey Decimal Classification     Colección Dominicana Biblioteca Pública Metropolitana Salomé Ureña Biblioteca Pública Metropolitana Salomé Ureña 04/26/2022   BPMSU CD 327.16 T172e 2008 BPMSU22040037 04/26/2022 04/26/2022 Libros